Acteur de Cinéma - Francais d'un autre temps - Statistiques

Statistiques générales
  • Ce quiz a été pris 228 fois
  • Le résultat moyen est 17 sur 28
Statistiques - réponses
Par images Réponse % Correct
Louis de Funes
99%
Jean-Paul Belmondo
97%
Alain Delon
93%
Bourvil
91%
Fernandel
85%
Jean Gabin
80%
Pierre Richard
77%
Claude Rich
71%
Yves Montand
70%
Jean Rochefort
69%
Lino Ventura
69%
Michel Galabru
68%
Jacques Villeret
67%
Claude Brasseur
61%
Bernard Blier
58%
Pierre Brasseur
58%
Patrick Dewaere
52%
Jean Lefebvre
48%
Michel Serrault
47%
Phillipe Noiret
47%
Jean-Louis Trintignant
46%
Michel Piccoli
45%
Pierre Mondy
43%
Guy Marchand
40%
Jean Carmet
37%
Francis Blanche
28%
Paul Meurisse
21%
Charles Vanel
20%
Aucun quiz correspondant
Distribution des résultats
% des personnes avec chaque résultat
Percentile par nombre de réponses
Votre historique - résultats
Vous n’avez pas pris ce quiz